Polygones réguliers par Images - Statistiques

Statistiques générales
  • Ce quiz a été pris 323 fois
  • Le résultat moyen est 9 sur 16
Statistiques - réponses
Par images Hint Réponse % Correct
4 côtés Carré
100%
3 côtés Triangle
100%
6 côtés Hexagone
91%
8 côtés Octogone
90%
5 côtés Pentagone
88%
10 côtés Décagone
75%
7 côtés Heptagone
67%
Une infinité de côtés Cercle
65%
9 côtés Ennéagone
53%
12 côtés Dodécagone
49%
13 côtés Tridécagone
25%
11 côtés Hendécagone
20%
15 côtés Pentadécagone
20%
14 côtés Tétradécagone
19%
100 côtés Hectogone
13%
20 côtés Icosagone
11%
Aucun quiz correspondant
Distribution des résultats
% des personnes avec chaque résultat
Percentile par nombre de réponses
Votre historique - résultats
Vous n’avez pas pris ce quiz